[Event "Challenge"]
[Site "http://www.queenalice.com/game.php?id=440572"]
[Date "2008.7.29"]
[Round "-"]
[White "Nataro"]
[Black "Pussa"]
[Result "0-1"]
[WhiteElo "1322"]
[BlackElo "1500"]

1. e4 e5 2. Bc4 Nf6 3. Nf3 Nc6 4. Ng5 Qe7 5. b3 Ng4 6. Qxg4 d5 7. Bxd5 Bxg4 8.
f3 Qxg5 9. fxg4 Qxg4 10. O-O Bc5+ 11. Kh1 Na5 12. h3 Qe2 13. d4 Qxf1+ 14. Kh2
Qxc1 15. c3 exd4 16. cxd4 Bxd4 17. b4 Be5+ 18. g3 Qc2+ 19. Kh1 Bxg3 20. bxa5
Qh2# 0-1

[Event "AUTO-INT-1079"]
[Site "http://www.queenalice.com/game.php?id=481472"]
[Date "2008.10.23"]
[Round "1"]
[White "Pussa"]
[Black "daga2008"]
[Result "1-0"]
[WhiteElo "1437"]
[BlackElo "1483"]

1. e4 e5 2. Nf3 f6 3. Bc4 Nh6 4. d4 Qe7 5. Nc3 c6 6. O-O b5 7. Bb3 b4 8. Ne2 Ba6
9. Re1 Bxe2 10. Qxe2 a5 11. a3 bxa3 12. Rxa3 Qd8 13. Ra4 exd4 14. Qc4 Na6 15.
Bxh6 Qe7 16. Nxd4 gxh6 17. Nxc6 Qg7 18. Rxa5 Rc8 19. Qxa6 Rxc6 20. e5 fxe5 21.
Raxe5+ Be7 22. Qa8+ Rc8 23. Qxc8# 1-0

[Event "AUTO-INT-1079"]
[Site "http://www.queenalice.com/game.php?id=481473"]
[Date "2008.10.23"]
[Round "1"]
[White "daga2008"]
[Black "Pussa"]
[Result "0-1"]
[WhiteElo "1510"]
[BlackElo "1486"]

1. e4 e5 2. Qh5 Nf6 3. Qxe5+ Qe7 4. Qxc7 Qxe4+ 5. Kd1 Na6 6. Qc3 Ng4 7. Nh3 Bb4
8. Qd3 Nc5 9. Qxe4+ Nxe4 10. Rg1 Ngxf2+ 11. Nxf2 Nxf2+ 12. Ke1 Bc5 13. Nc3 Nd3+
14. cxd3 Bxg1 15. h4 O-O 16. b4 d6 17. Ne2 Re8 18. Bb2 Bg4 19. Ba3 Bxe2 20. Bxe2
Re5 21. Bb2 Rf5 22. a4 Re8 23. d4 Rf4 24. h5 Rfe4 25. Kf1 Rxe2 26. Kxg1 Rxd2 27.
Bc3 Rc2 28. Be1 h6 29. Rd1 Ree2 30. b5 Rxg2+ 31. Kf1 Rh2 32. Kg1 Rxh5 33. Bb4 d5
34. Re1 Rc4 35. Bc5 b6 36. Re8+ Kh7 37. Kf1 Rh2 38. Kg1 Ra2 39. Re1 f5 40. Kf1
f4 41. Bd6 f3 42. Rd1 Rcxa4 43. Rd3 Rb2 44. Bg3 Ra1+ 45. Be1 f2 46. Re3 Rxe1+
47. Rxe1 fxe1=Q+ 48. Kxe1 Kg6 49. Kd1 Kf5 50. Kc1 Rg2 51. Kd1 Kf4 52. Ke1 Ke3
53. Kf1 Ra2 54. Kg1 Kf3 55. Kf1 Ra1# 0-1

[Event "AUTO-INT-1114"]
[Site "http://www.queenalice.com/game.php?id=497694"]
[Date "2008.11.24"]
[Round "1"]
[White "clk"]
[Black "Pussa"]
[Result "0-1"]
[WhiteElo "1758"]
[BlackElo "1562"]

1. e4 e5 2. Nf3 Nf6 3. Nxe5 Nxe4 4. Qf3 Nf6 5. Qe3 Qe7 6. b3 d6 7. Nc4 Bf5 8. d3
d5 9. Ne5 g6 10. Be2 Nc6 11. Bb2 Nb4 12. Na3 Bg7 13. c3 Nc6 14. Nxc6 bxc6 15.
Qxe7+ Kxe7 16. O-O Rhd8 17. Rfe1 Kf8 18. Bf3 Bxd3 19. Rad1 Ba6 20. c4 Re8 21.
cxd5 cxd5 22. Bxf6 Bxf6 23. Bxd5 Rad8 24. Bc6 Rxe1+ 25. Rxe1 Rd2 26. Bb5 Bb7 27.
Re8+ Kg7 28. Rb8 Bc6 29. g3 Rd1+ 30. Bf1 Bd7 31. Rb7 Bh3 0-1

[Event "AUTO-INT-1114"]
[Site "http://www.queenalice.com/game.php?id=497695"]
[Date "2008.11.24"]
[Round "1"]
[White "Pussa"]
[Black "clk"]
[Result "0-1"]
[WhiteElo "1659"]
[BlackElo "1756"]

1. e4 e5 2. Nf3 d6 3. Bb5+ Bd7 4. Bc4 Nf6 5. d3 Nc6 6. Nc3 Be7 7. h3 O-O 8. Be3
a6 9. Ng5 h6 10. h4 Ng4 11. Qf3 Bxg5 12. hxg5 Nb4 13. O-O-O Nxe3 14. fxe3 Qxg5
15. Rh5 Bg4 16. Rxg5 Bxf3 17. gxf3 hxg5 18. a3 Nc6 19. b4 b5 20. Bd5 Rab8 21.
Bxc6 Rb6 22. Bd7 c6 23. d4 Rd8 24. Bg4 Rbb8 25. d5 c5 26. Ne2 cxb4 27. axb4 Rb7
28. Ng1 g6 29. Nh3 f6 30. f4 Rf8 31. fxg5 f5 32. exf5 gxf5 33. Be2 Rh7 34. Rh1
Rh4 35. c3 Rf7 36. Nf2 Rfh7 37. Rxh4 Rxh4 38. Kd2 Rh2 39. Nd3 Rg2 40. Nc1 Rxg5
41. Nb3 Kf7 42. Na5 Ke7 43. Nc6+ Kf6 44. Nb8 f4 45. Nxa6 fxe3+ 46. Kxe3 Kf5 47.
Nc7 Rg3+ 48. Bf3 e4 49. Nxb5 Ke5 50. c4 Rxf3+ 51. Ke2 Rb3 52. c5 Rxb4 53. Nc7
dxc5 54. Na6 Kxd5 55. Nxb4+ cxb4 56. Kd2 Kc4 0-1

[Event "AUTO-INT-1114"]
[Site "http://www.queenalice.com/game.php?id=497708"]
[Date "2008.11.24"]
[Round "1"]
[White "Roger_Moore"]
[Black "Pussa"]
[Result "0-1"]
[WhiteElo "1355"]
[BlackElo "1529"]

1. e4 e5 2. d3 Bc5 3. Qf3 Nf6 4. Be2 d5 5. h3 Nc6 6. c3 O-O 7. a4 d4 8. c4 Nb4
9. Na3 h6 10. Qg3 Bd6 11. Bxh6 g6 12. Bxf8 Qxf8 0-1

[Event "AUTO-INT-1114"]
[Site "http://www.queenalice.com/game.php?id=497709"]
[Date "2008.11.24"]
[Round "1"]
[White "Pussa"]
[Black "Roger_Moore"]
[Result "1-0"]
[WhiteElo "1549"]
[BlackElo "1355"]

1. e4 e5 2. Nf3 Qf6 3. d4 d6 4. Bc4 h6 5. Nc3 c6 6. Be3 a5 7. dxe5 dxe5 8. Qd3
b5 9. Bxb5 cxb5 10. Qxb5+ Bd7 11. Qb7 1-0

[Event "AUTO-INT-1114"]
[Site "http://www.queenalice.com/game.php?id=497718"]
[Date "2008.11.24"]
[Round "1"]
[White "Pussa"]
[Black "chess4me"]
[Result "0-1"]
[WhiteElo "1566"]
[BlackElo "1914"]

1. e4 c5 2. Bc4 Nf6 3. f3 Nc6 4. c3 d6 5. Ne2 g6 6. d3 Bg7 7. Bf4 O-O 8. d4 cxd4
9. Nxd4 Nxd4 10. cxd4 b6 11. Nc3 Bb7 12. O-O Rc8 13. b3 a6 14. e5 dxe5 15. Bxe5
b5 16. Nxb5 axb5 17. Bxb5 Nd5 18. Rf2 Nc3 19. Qd3 Bxe5 20. dxe5 Qxd3 21. Bxd3
Rfd8 22. Rc2 Rxd3 0-1

[Event "AUTO-INT-1114"]
[Site "http://www.queenalice.com/game.php?id=497719"]
[Date "2008.11.24"]
[Round "1"]
[White "chess4me"]
[Black "Pussa"]
[Result "1/2-1/2"]
[WhiteElo "1916"]
[BlackElo "1605"]

1. Nf3 d5 2. d4 Nf6 3. Bg5 Bf5 4. Nbd2 h6 5. Bxf6 exf6 6. e3 Bd6 7. Be2 Nc6 8.
c3 a6 9. O-O Qd7 10. Nb3 b6 11. Bd3 O-O 12. Qc2 g6 13. Nbd2 Bxd3 14. Qxd3 Ne7
15. e4 Kg7 16. Rfe1 c5 17. dxc5 Bxc5 18. e5 f5 19. Nb3 g5 20. Nxc5 bxc5 21. Rad1
Rfd8 22. Re2 Qb5 23. Qxb5 axb5 24. a3 Ra7 25. h3 1/2-1/2

[Event "Challenge"]
[Site "http://www.queenalice.com/game.php?id=588608"]
[Date "2009.5.15"]
[Round "-"]
[White "Pussa"]
[Black "dreamer"]
[Result "1-0"]
[WhiteElo "1626"]
[BlackElo "1481"]

1. e4 e6 2. d4 d5 3. exd5 exd5 4. g3 Nf6 5. Nc3 Be7 6. Bg2 h6 7. Nge2 c6 8. O-O
O-O 9. a4 Bd7 10. b3 Qc8 11. Ba3 Bxa3 12. Rxa3 Bh3 13. Bxh3 Qxh3 14. Nf4 Qd7 15.
b4 Qf5 16. b5 Nbd7 17. Qd3 Qxd3 18. Nxd3 Nb6 19. Nc5 Nc4 20. Raa1 cxb5 21. axb5
b6 22. Ra4 Rfe8 23. Nd3 Nd7 24. Nxd5 Rec8 25. Ne7+ 1-0

[Event "Challenge"]
[Site "http://www.queenalice.com/game.php?id=593402"]
[Date "2009.5.25"]
[Round "-"]
[White "Pussa"]
[Black "bumpywater"]
[Result "1-0"]
[WhiteElo "1642"]
[BlackElo "1542"]

1. e4 e5 2. Nf3 Nc6 3. Bb5 a6 4. Ba4 Nf6 5. Nc3 b5 6. Bb3 Qe7 7. O-O d6 8. h3
Be6 9. Nd5 Bxd5 10. exd5 Nb4 11. Re1 Nfxd5 12. d4 e4 13. Nd2 Qf6 14. Nxe4 Qg6
15. Nxd6+ Kd7 16. Bxd5 Nxd5 17. Ne4 Bb4 18. c3 Ba5 19. b4 Bb6 20. Qb3 Nf4 21.
Bxf4 Rhe8 22. Bg3 Rxe4 23. Qd5+ Ke7 24. Rxe4+ Kf8 25. Qxa8# 1-0

[Event "AUTO-OPEN-1580"]
[Site "http://www.queenalice.com/game.php?id=599607"]
[Date "2009.6.7"]
[Round "1"]
[White "jeancarlo1910"]
[Black "Pussa"]
[Result "0-1"]
[WhiteElo "1468"]
[BlackElo "1653"]

1. e4 c5 2. Bc4 d6 3. d3 Nf6 4. Bg5 e6 5. Nf3 g6 6. Nbd2 Bg7 7. e5 dxe5 8. Nxe5
h6 9. Bb5+ Bd7 10. Bxf6 Bxf6 11. Nxd7 Nxd7 12. c3 Qb6 13. Ne4 Ke7 14. Bxd7 Qxb2
15. Rb1 Bxc3+ 16. Kf1 Qa3 0-1

[Event "AUTO-OPEN-1580"]
[Site "http://www.queenalice.com/game.php?id=599608"]
[Date "2009.6.7"]
[Round "1"]
[White "Pussa"]
[Black "jeancarlo1910"]
[Result "1-0"]
[WhiteElo "1643"]
[BlackElo "1468"]

1. e4 e5 2. Nf3 Nc6 3. Bb5 Bc5 4. c3 d6 5. h3 Nf6 6. d4 exd4 7. Bxc6+ bxc6 8.
O-O Bb6 9. Bg5 h6 10. Bh4 O-O 11. e5 dxe5 12. Nxe5 Qd6 13. Re1 Re8 14. Bg3 dxc3
15. Nxc3 Qc5 16. Nd3 Qf8 17. Be5 1-0

[Event "AUTO-OPEN-1580"]
[Site "http://www.queenalice.com/game.php?id=599617"]
[Date "2009.6.7"]
[Round "1"]
[White "Matrick"]
[Black "Pussa"]
[Result "1/2-1/2"]
[WhiteElo "2308"]
[BlackElo "1659"]

1. e4 c5 2. Nf3 d6 3. d4 cxd4 4. Nxd4 Nc6 5. Nc3 Nf6 6. Bg5 g6 7. Bxf6 exf6 8.
Bb5 Bd7 9. Nb3 Bg7 10. Qxd6 a6 11. Nd5 1/2-1/2

[Event "AUTO-OPEN-1580"]
[Site "http://www.queenalice.com/game.php?id=599618"]
[Date "2009.6.7"]
[Round "1"]
[White "Pussa"]
[Black "Matrick"]
[Result "0-1"]
[WhiteElo "1643"]
[BlackElo "2317"]

1. e4 e6 2. d4 d5 3. e5 c5 4. c3 Nc6 5. Nf3 Qb6 6. Be3 Qxb2 7. Nbd2 Qxc3 8. Rc1
Qb2 9. Rc2 Qb4 10. dxc5 Nge7 11. Be2 Ng6 12. O-O Ngxe5 13. Nxe5 Nxe5 14. f4 Nc6
15. f5 e5 16. Bh5 d4 17. Bg5 h6 18. Bh4 Bxc5 19. f6 d3+ 20. Kh1 dxc2 21. fxg7
Rg8 22. Bxf7+ Kd7 23. Qxc2 Rxg7 24. Qf5+ Kc7 25. Bd8+ Kb8 26. Qd3 e4 27. Nxe4
Nxd8 28. a3 Qxa3 29. Nxc5 Qxd3 30. Nxd3 Rxf7 31. Rd1 a5 32. Ne5 Rf5 33. Nf3 a4
34. Rxd8 a3 0-1